000 00355nam a22001337a 4500
020 _a9780030938948
040 _cNUST
082 _a621.3192 WIN
100 _aWinzer, Jack
_9103797
245 _aLinear Integrated Circuits
260 _aNew York:
_bSaunders College Publishing,
_c1992.
650 _aLinear Integrated Circuits
_955531
942 _2ddc
_cBK
999 _c594587
_d594587